पियर्सन सामान्य अध्ययन पेपर -1 &11: 2015 संघ लोकसेवा आयोग की सिविल सेवा प्राथमिक परीक्षा हेतु / (Record no. 94456)
[ view plain ]
| 000 -LEADER | |
|---|---|
| fixed length control field | 01366nam a22002417a 4500 |
| 005 - DATE AND TIME OF LATEST TRANSACTION | |
| control field | 20150622162840.0 |
| 010 ## - LCCN (DPL NO) | |
| LC control number | HIN-105958-959 |
| 020 ## - INTERNATIONAL STANDARD BOOK NUMBER | |
| International Standard Book Number | 9789332541450 |
| Terms of availability | 1199.00 |
| 035 ## - SYSTEM CONTROL NUMBER | |
| System control number | HN-78304-305 |
| 037 ## - SOURCE OF ACQUISITION | |
| Source of stock number/acquisition | DBAD/PUB. |
| 082 ## - DEWEY DECIMAL CLASSIFICATION NUMBER | |
| Classification number | 000 |
| 100 ## - MAIN ENTRY--PERSONAL NAME | |
| Personal name | थौर्प, एडगर और थौर्प, शोविक |
| 245 ## - TITLE STATEMENT | |
| Title | पियर्सन सामान्य अध्ययन पेपर -1 &11: 2015 संघ लोकसेवा आयोग की सिविल सेवा प्राथमिक परीक्षा हेतु / |
| Statement of responsibility, etc | एडगर थौर्प एवं शोविक थौर्प |
| 246 ## - VARYING FORM OF TITLE | |
| Title proper/short title | Pearson General Studies for the Civil Services Preliminary Examination |
| Remainder of title | Edagar Thaurp evm Shovik Thaurp |
| 260 ## - PUBLICATION, DISTRIBUTION, ETC. (IMPRINT) | |
| Place of publication, distribution, etc | नोएडा |
| Name of publisher, distributor, etc | पियर्सन एजुकेशन |
| Date of publication, distribution, etc | 2015 |
| 270 ## - ADDRESS | |
| Address | 7वीं मजिंल, नॉलेज बुलवार्ड, ए- (8) ए, सैक्टर-62 |
| City | नोएडा |
| Postal code | 201309 |
| 300 ## - PHYSICAL DESCRIPTION | |
| Extent | दो पेपर (वि.पृ; वि.पृ) |
| Dimensions | 25 से.मी (अजिल्द) |
| 505 ## - FORMATTED CONTENTS NOTE | |
| Formatted contents note | पेपर- 1 एवं पेपर- 11 |
| 650 ## - SUBJECT ADDED ENTRY--TOPICAL TERM | |
| Topical term or geographic name as entry element | सामान्य ज्ञान |
| 650 ## - SUBJECT ADDED ENTRY--TOPICAL TERM | |
| Topical term or geographic name as entry element | General knowlege |
| 700 ## - ADDED ENTRY--PERSONAL NAME | |
| Personal name | थौर्प, शोविक |
| 9 (RLIN) | 18606 |
| 942 ## - ADDED ENTRY ELEMENTS (KOHA) | |
| Source of classification or shelving scheme | Dewey Decimal Classification |
| Item type | Hindi Books |
| Classification part | 000 |
| Call number suffix | थौर्पए |
No items available.
